00548nam a2200145Ia 4500008004100000020001800041041000800059082001600067100002400083245022800107250000600335260003100341300000800372650002200380210716s2009 xx 000 0 und d a9789386215055 aeng a374.22 WHID aWhitman, Drew Eric. aCashvertising: how to use more than 100 secrets of ad -agency psychology to make big money selling anything to anyone.bHow to use more than 100 secrets of ad -agency psychology to make big money selling anything to anyone. a1 aNew DelhibMacmillanc2009 a207 aGeneral Knowledge